La vie d'Oussama Ben Laden - Mort subite - Statistiques

Statistiques générales
  • Ce quiz a été pris 521 fois
  • Le résultat moyen est 3 sur 10
Answers on the Grid
Answers color-coded by a green-red scale on the quiz's grid according to % correct below.
Est né en Irak
Est cousin d'Abou Bakr Al Baghdadi
A fini ses jours apatride
Est mort lors d'une opération dirigée par George W Bush
Est un moudjahidine de la guerre d'Afghanistan
Est mort en Afghanistan
A commandité des attaques contre les ambassades américaines au Mozambique et en Zambie
A co-fondé Al-Qaïda avec Ayman Al-Zawahiri
A été trahi par le Mollah Omar
Était polygame
Était allié avec le commandant Massoud
A été expulsé du Soudan alors qu'il s'y était installé
Est fils de milliardaire
S'est fâché avec la famille royale saoudienne après qu'elle ait décliné les services d'Al-Qaïda
A reçu un soutien financier de Kim Jong-Il
A été protégé par les talibans
Est mort entre 2010 et 2015
A menacé la France suite à l'interdiction du voile intégral
Avait sa marionnette aux Guignols de l'Info
Est enterré dans son pays natal
 
Statistiques - réponses
Réponse % Correct
Est mort entre 2010 et 2015
38%
Avait sa marionnette aux Guignols de l'Info
34%
Est fils de milliardaire
33%
Était polygame
31%
A été protégé par les talibans
28%
Est un moudjahidine de la guerre d'Afghanistan
27%
S'est fâché avec la famille royale saoudienne après qu'elle ait décliné les services d'Al-Qaïda
16%
A été expulsé du Soudan alors qu'il s'y était installé
15%
A menacé la France suite à l'interdiction du voile intégral
15%
A fini ses jours apatride
13%
Aucun quiz correspondant
Distribution des résultats
% des personnes avec chaque résultat
Percentile par nombre de réponses
Votre historique - résultats
Vous n’avez pas pris ce quiz